| 000 | 00633nam a2200181 a 4500 | ||
|---|---|---|---|
| 008 | 110906s1975 ||||||||||||||||| || u | ||
| 020 | _a0721617573 | ||
| 050 | _aQM 551 Blo | ||
| 100 | _aBloom, William | ||
| 245 | 1 | 2 | _aA textbook of histology. (10th ed.) |
| 260 |
_aPhiladelphia: _bW. B. Saunders _c1975 |
||
| 300 | _axv, 1033p.: ill. | ||
| 350 | _a0.00 | ||
| 650 | _aHISTOLOGY | ||
| 650 | 0 | _aBIOLOGY | |
| 700 | _aFawcett, Don W | ||
| 995 |
_aMICHAEL CHILUFYA SATA OPEN ACCESS _D0.00 _e900400 _FCBU-SCHOOL OF MEDICINE LIBRARY (Ndola) _H1 _I0.00 _jQM 551 Blo _M1 _UAVAILABLE _WOct 12, 2011 _y900400 _ZMedical Library Open Access Collection |
||
| 999 |
_c32879 _d32879 |
||